[Event "ARG-ch sf 99th"]
[Site "Buenos Aires"]
[Date "2024.06.06"]
[Round "6"]
[White "Gullace, Ezequiel"]
[Black "Campuzano, Franco"]
[Result "1-0"]
[WhiteElo "1842"]
[BlackElo "1906"]
[PlyCount "101"]
[EventDate "2024.06.01"]
[EventType "swiss"]
[EventRounds "9"]
[EventCountry "ARG"]
[SourceTitle "CBM 220 Extra"]
[Source "ChessBase"]
[SourceDate "2024.07.31"]
[SourceVersion "1"]
[SourceVersionDate "2024.07.31"]
[SourceQuality "1"]

1. d4 Nf6 2. c4 g6 3. Nc3 Bg7 4. e4 d6 5. Nf3 0-0 6. Be2 e5 7. d5 h6 8. Qc2 a5 9. h3 Na6 10. a3 Nc5 11. Be3 b6 12. g4 Ne8 13. Rg1 Bd7 14. b3 Qe7 15. 0-0-0 Kh8 16. Bxc5 dxc5 17. d6 cxd6 18. Nd5 Qd8 19. a4 Rb8 20. h4 Nc7 21. Nxc7 Qxc7 22. Qd2 Qb7 23. Qe3 Bc6 24. h5 g5 25. Rxd6 Rfd8 26. Rgd1 Rxd6 27. Rxd6 Bxe4 28. Nd2 Bh7 29. Bd3 Qe7 30. Rd5 Bg8 31. Bf5 Rd8 32. Qd3 Re8 33. Ne4 Qc7 34. Kc2 Qb8 35. Rd7 Rc8 36. f3 Qa8 37. Qd6 Rc6 38. Qd2 Rc8 39. Qd3 Re8 40. Qd6 Rc8 41. Qxb6 Rf8 42. Ra7 Qe8 43. Nd6 Qd8 44. Qxd8 Rxd8 45. Nb7 Re8 46. Nxc5 Bf8 47. Rxa5 Bd6 48. Ne4 Bb4 49. Rb5 Be1 50. c5 Kg7 51. c6 1-0

[Event "ARG-ch sf 99th"]
[Site "Buenos Aires"]
[Date "2024.06.05"]
[Round "5"]
[White "Campuzano, Franco"]
[Black "Axarlian, Carlos"]
[Result "0-1"]
[WhiteElo "1906"]
[BlackElo "2033"]
[PlyCount "64"]
[EventDate "2024.06.01"]
[EventType "swiss"]
[EventRounds "9"]
[EventCountry "ARG"]
[SourceTitle "CBM 220 Extra"]
[Source "ChessBase"]
[SourceDate "2024.07.31"]
[SourceVersion "1"]
[SourceVersionDate "2024.07.31"]
[SourceQuality "1"]

1. e4 e5 2. Nf3 Nc6 3. d3 Nf6 4. g3 Bc5 5. Bg2 d6 6. 0-0 0-0 7. c3 Bb6 8. Qe2 h6 9. Nbd2 Be6 10. Nc4 Ne7 11. Nxb6 axb6 12. a3 Ng6 13. Ne1 d5 14. f4 Bg4 15. Qf2 dxe4 16. dxe4 Bd1 17. Be3 Ng4 18. Qd2 Qxd2 19. Bxd2 Be2 20. h3 Bxf1 21. Bxf1 Nf6 22. Bg2 Rad8 23. Be3 exf4 24. gxf4 Rfe8 25. e5 Nd5 26. Bxd5 Rxd5 27. Kf2 f6 28. exf6 gxf6 29. Nc2 c5 30. Rg1 Kf7 31. Ne1 Rd1 32. b4 Ra1 0-1

[Event "ARG-ch sf 99th"]
[Site "Buenos Aires"]
[Date "2024.06.04"]
[Round "4"]
[White "Lowe, Felipe"]
[Black "Campuzano, Franco"]
[Result "0-1"]
[WhiteElo "1642"]
[BlackElo "1906"]
[PlyCount "108"]
[EventDate "2024.06.01"]
[EventType "swiss"]
[EventRounds "9"]
[EventCountry "ARG"]
[SourceTitle "CBM 220 Extra"]
[Source "ChessBase"]
[SourceDate "2024.07.31"]
[SourceVersion "1"]
[SourceVersionDate "2024.07.31"]
[SourceQuality "1"]

1. d4 d5 2. Nf3 Nf6 3. e3 c5 4. b3 Nc6 5. Bd3 Bg4 6. Bb2 e6 7. Nbd2 cxd4 8. exd4 Bb4 9. c3 Ba5 10. 0-0 0-0 11. h3 Bh5 12. g4 Bg6 13. Bxg6 hxg6 14. Qe2 Re8 15. Ne5 Qd6 16. f4 Nd7 17. Ndf3 Bb6 18. Kg2 f6 19. Nxg6 e5 20. dxe5 fxe5 21. f5 Bc7 22. Rh1 e4 23. Nd4 Nde5 24. Nb5 Qd8 25. Nxc7 Nxg6 26. fxg6 Qxc7 27. Qd2 Rad8 28. Qg5 Ne5 29. Qh5 Re6 30. Qh7+ Kf8 31. Ba3+ Ke8 32. Qg8+ Kd7 33. Qxg7+ Kc8 34. Qxc7+ Kxc7 35. g7 Rg8 36. Bf8 Nd7 37. Rhf1 Re8 38. Rf7 Kc6 39. Kf2 Nxf8 40. gxf8Q Rgxf8 41. Rxf8 Rxf8+ 42. Ke2 Rf3 43. Rh1 Rxc3 44. h4 d4 45. h5 Rc2+ 46. Kf1 Rc1+ 47. Kg2 Rxh1 48. Kxh1 d3 49. Kg2 d2 50. Kg3 d1Q 51. Kh4 Kd6 52. Kg5 Ke5 53. h6 Qd8+ 54. Kg6 Qf6+ 0-1

[Event "ARG-ch sf 99th"]
[Site "Buenos Aires"]
[Date "2024.06.03"]
[Round "3"]
[White "Campuzano, Franco"]
[Black "Parisi, Faustino"]
[Result "1/2-1/2"]
[WhiteElo "1906"]
[BlackElo "1683"]
[PlyCount "46"]
[EventDate "2024.06.01"]
[EventType "swiss"]
[EventRounds "9"]
[EventCountry "ARG"]
[SourceTitle "CBM 220 Extra"]
[Source "ChessBase"]
[SourceDate "2024.07.31"]
[SourceVersion "1"]
[SourceVersionDate "2024.07.31"]
[SourceQuality "1"]

1. e4 e5 2. Nf3 Nc6 3. Bc4 Nf6 4. d3 h6 5. 0-0 Bc5 6. c3 d6 7. h3 0-0 8. Nbd2 Ne7 9. d4 exd4 10. cxd4 Bb6 11. e5 dxe5 12. dxe5 Nfd5 13. Ne4 Be6 14. Qe2 Ng6 15. Rd1 Ndf4 16. Qc2 Qc8 17. Be3 Bxh3 18. Bxb6 Bxg2 19. Ne1 Bxe4 20. Qxe4 Qg4+ 21. Kf1 Qh3+ 22. Kg1 Qg4+ 23. Kf1 Qh3+ 1/2-1/2

[Event "ARG-ch sf 99th"]
[Site "Buenos Aires"]
[Date "2024.06.01"]
[Round "1"]
[White "Campuzano, Franco"]
[Black "Needleman, Alejandro"]
[Result "1/2-1/2"]
[WhiteElo "1906"]
[BlackElo "2219"]
[PlyCount "102"]
[EventDate "2024.06.01"]
[EventType "swiss"]
[EventRounds "9"]
[EventCountry "ARG"]
[SourceTitle "CBM 220 Extra"]
[Source "ChessBase"]
[SourceDate "2024.07.31"]
[SourceVersion "1"]
[SourceVersionDate "2024.07.31"]
[SourceQuality "1"]

1. e4 c5 2. Nf3 e6 3. d3 d5 4. e5 Nc6 5. g3 Nge7 6. c3 d4 7. Bg2 Ng6 8. Qe2 Qc7 9. Bf4 Nxf4 10. gxf4 Ne7 11. cxd4 cxd4 12. Nbd2 Nf5 13. Qe4 Bd7 14. Nxd4 Nxd4 15. Qxd4 Qa5 16. a3 Rd8 17. Qc3 Qa6 18. 0-0 Rc8 19. Qb3 b6 20. Rac1 Bc5 21. Ne4 Ba4 22. Nxc5 Rxc5 23. Qb4 0-0 24. Rxc5 bxc5 25. Qxc5 h5 26. Be4 Bb5 27. Qe3 Rd8 28. Rc1 g6 29. Qg3 Rc8 30. Rxc8+ Qxc8 31. Qe3 Qc2 32. b4 h4 33. h3 a6 34. d4 Qa2 35. Bf3 Bc4 36. f5 Qb1+ 37. Kh2 Qxf5 38. Be4 Qh5 39. f3 Kg7 40. a4 Qh8 41. Bd3 Bd5 42. Bxa6 Qa8 43. Be2 Qxa4 44. b5 Bc4 45. b6 Qa2 46. b7 Bxe2 47. Qf2 Qb2 48. b8Q Qxb8 49. Qxe2 Qb4 50. Qf2 Qe7 51. f4 Qd8 1/2-1/2

[Event "Gibraltar Challengers op-A"]
[Site "Caleta"]
[Date "2020.01.24"]
[Round "5"]
[White "Aura, Kristian"]
[Black "Campuzano, Franco"]
[Result "1-0"]
[WhiteElo "1928"]
[BlackElo "1785"]
[PlyCount "185"]
[EventDate "2020.01.20"]
[EventType "swiss"]
[EventRounds "5"]
[EventCountry "GGB"]
[SourceTitle "CBM 194 Extra"]
[Source "ChessBase"]
[SourceDate "2020.03.31"]
[SourceVersion "1"]
[SourceVersionDate "2020.03.31"]
[SourceQuality "1"]

1. d4 Nf6 2. Nf3 g6 3. c4 Bg7 4. Nc3 0-0 5. e4 d6 6. Be2 e5 7. d5 Nbd7 8. Bg5 h6 9. Bh4 g5 10. Bg3 Nxe4 11. Nxe4 f5 12. Nc3 f4 13. Nd2 fxg3 14. hxg3 c6 15. 0-0 a5 16. dxc6 bxc6 17. Nde4 Nf6 18. Nxd6 Qc7 19. Nde4 Rd8 20. Qc2 Be6 21. Rad1 Rd4 22. b3 Rad8 23. Bd3 Qe7 24. Ne2 R4d7 25. Nxf6+ Bxf6 26. Be4 Rd6 27. Nc3 Bg7 28. Rxd6 Rxd6 29. Rd1 Qd7 30. Rxd6 Qxd6 31. Qd3 Qd4 32. Bh7+ Kh8 33. Bg6 Qxd3 34. Bxd3 Bf8 35. Kf1 Bb4 36. Nd1 Kg7 37. Ke2 Kf6 38. Ne3 Bd7 39. g4 Bc5 40. f3 Bxe3 41. Kxe3 c5 42. Be4 Ke7 43. Bd5 Kd6 44. Ke4 Bc8 45. Bf7 Bd7 46. Bg6 Bc8 47. Be8 Be6 48. Kd3 Bc8 49. Bg6 Bd7 50. a3 Bc8 51. Kc3 Bd7 52. b4 axb4+ 53. axb4 Bc8 54. Be4 Bd7 55. b5 Kc7 56. Bd5 Kd6 57. Ba8 Be8 58. Kd3 Bd7 59. Be4 Be6 60. Bg6 Bc8 61. Bf7 Bd7 62. Ke4 Bc8 63. Bd5 Bd7 64. b6 Ba4 65. b7 Bc2+ 66. Ke3 Kc7 67. Kd2 Bb1 68. Kc1 Bd3 69. Kb2 Bf1 70. g3 Be2 71. Ka3 e4 72. fxe4 Bxg4 73. e5 Bd7 74. e6 Be8 75. Bf3 h5 76. Bg2 h4 77. gxh4 gxh4 78. Bd5 h3 79. Kb2 h2 80. e7 Bf7 81. Bh1 Be8 82. Kc3 Bf7 83. Kd2 Be8 84. Ke3 Bf7 85. Kf4 Be8 86. Ke5 Bf7 87. Kf6 Be8 88. Kg7 Bh5 89. Kf8 Bg6 90. e8Q Bxe8 91. Kxe8 Kb8 92. Kd7 Ka7 93. Kc7 1-0

[Event "ARG-ch sf U2300 Reconquista 2nd"]
[Site "Reconquista"]
[Date "2019.10.05"]
[Round "2.7"]
[White "Campuzano, Franco"]
[Black "Laorden, Gustavo"]
[Result "0-1"]
[WhiteElo "1777"]
[BlackElo "1729"]
[PlyCount "104"]
[EventDate "2019.10.05"]
[EventType "swiss"]
[EventRounds "6"]
[EventCountry "ARG"]
[SourceTitle "EXT 2024"]
[Source "ChessBase"]
[SourceDate "2023.10.10"]
[SourceVersion "1"]
[SourceVersionDate "2023.10.10"]
[SourceQuality "1"]

1. Nf3 Nf6 2. c4 e6 3. d3 d5 4. Nc3 dxc4 5. dxc4 Qxd1+ 6. Nxd1 Na6 7. a3 Nc5 8. Nd4 e5 9. Nc2 Nb3 10. Rb1 Bf5 11. Nde3 Bg6 12. Bd2 Ng4 13. Rd1 0-0-0 14. f3 Nxd2 15. Rxd2 Rxd2 16. Kxd2 Nxe3 17. Nxe3 Bc5 18. Nc2 Rd8+ 19. Kc3 e4 20. g3 a5 21. b4 axb4+ 22. axb4 Be7 23. Ne3 Bg5 24. f4 Bf6+ 25. Kc2 Bd4 26. Bh3+ Kb8 27. Rd1 h5 28. Bf5 c6 29. Bxg6 fxg6 30. Ng2 Kc7 31. e3 Bf6 32. Rxd8 Kxd8 33. Ne1 Kd7 34. Kb3 Ke6 35. Ka4 Bc3 36. Nc2 Kd6 37. Kb3 Bd2 38. h3 b6 39. g4 c5 40. gxh5 gxh5 41. bxc5+ Kxc5 42. f5 h4 43. Nd4 Bxe3 44. Ne6+ Kd6 45. Nxg7 Ke5 46. Kc3 Kf6 47. Ne8+ Kxf5 48. Nc7 Kf4 49. Nd5+ Kf3 50. Kc2 Bc5 51. Kd2 e3+ 52. Ke1 e2 0-1